[Event "ICS rated blitz match"]
[Site "204.178.125.65"]
[Date "2000.12.23"]
[Round "?"]
[White "Hossa"]
[Black "Tinker"]
[Result "0-1"]
[WhiteElo "2597"]
[BlackElo "2435"]
[PlyCount "176"]
[EventDate "2000.??.??"]

1. e4 c5 2. Nf3 d6 3. d4 cxd4 4. Nxd4 Nf6 5. Nc3 g6 6. f3 Bg7 7. Be3 O-O 8. Qd2
Nc6 9. Bc4 Bd7 10. Nxc6 Bxc6 11. O-O-O Rc8 12. e5 dxe5 13. Qxd8 Rfxd8 14. Rxd8+
Rxd8 15. Bxa7 Bh6+ 16. Kb1 Rd2 17. Be2 e4 18. Bc5 e5 19. Rd1 Rxd1+ 20. Bxd1 Bg5
21. Be2 exf3 22. gxf3 Bf4 23. h3 h5 24. Be7 Nd5 25. Nxd5 Bxd5 26. h4 Kg7 27. b3
f6 28. c4 Bc6 29. Bd6 Bg3 30. b4 Bd7 31. Bd3 Bc6 32. Be2 Bxh4 33. b5 Bd7 34.
Bd3 Bf2 35. c5 h4 36. a4 h3 37. Bf1 Bd4 38. Kc2 Kf7 39. Kd2 Ke8 40. Ke2 Be6 41.
c6 bxc6 42. bxc6 Bb6 43. Kd3 Bc8 44. Kc2 g5 45. Kd2 Ba5+ 46. Ke3 Bb6+ 47. Kd2
g4 48. fxg4 Bxg4 49. Bb8 Bf3 50. Bxh3 Bxc6 51. Bf5 Bxa4 52. Bd6 Kd8 53. Kd3 Bd4
54. Kd2 Bd7 55. Be4 f5 56. Bd5 Bc8 57. Bf8 Kc7 58. Bb4 Bb7 59. Bd6+ Kb6 60. Be6
f4 61. Bc4 Bg2 62. Bf7 f3 63. Bd5 Bh1 64. Be7 f2 65. Bc4 Bg2 66. Bg5 f1=N+ 67.
Kd3 Kc5 68. Be7+ Kc6 69. Bf7 Bd5 70. Bg6 Kd7 71. Bf6 Ba2 72. Ke2 Ke6 73. Bg5
Nh2 74. Kd1 Bb3+ 75. Ke2 Bc4+ 76. Kd1 Nf3 77. Bh6 Kf6 78. Be4 Ng5 79. Bc6 Bc5
80. Be8 e4 81. Bh5 e3 82. Bxg5+ Kxg5 83. Bf3 Bb4 84. Kc2 e2 85. Bc6 e1=Q 86.
Bd5 Qf2+ 87. Kb1 Bd3+ 88. Kc1 Qc2# {Hossa checkmated} 0-1

[Event "ICS rated blitz match"]
[Site "204.178.125.65"]
[Date "2000.12.23"]
[Round "?"]
[White "Hossa"]
[Black "Bill-Meredith"]
[Result "1-0"]
[WhiteElo "2574"]
[BlackElo "1907"]
[PlyCount "77"]
[EventDate "2000.??.??"]

1. e4 e5 2. Nf3 Nc6 3. Bb5 Nd4 4. Nxd4 exd4 5. O-O a5 6. Qh5 Qf6 7. d3 g6 8.
Qe2 c6 9. e5 Qg7 10. Bg5 Be7 11. Bxe7 Nxe7 12. Na3 cxb5 13. Nxb5 O-O 14. Qe4
Nc6 15. f4 f5 16. Qf3 b6 17. Nxd4 Nxd4 18. Qxa8 d6 19. Qd5+ Ne6 20. Qxd6 Rd8
21. Qxb6 Qc7 22. Qxc7 Nxc7 23. Kf2 Nd5 24. g3 Bb7 25. c3 Re8 26. Rfe1 Re6 27.
Rac1 Kf7 28. Rc2 Ke7 29. Rd2 Ba6 30. c4 Nb4 31. a3 Nc6 32. d4 Bxc4 33. d5 Nxe5
34. Rxe5 Rxe5 35. fxe5 Bb3 36. Ke3 a4 37. Kd4 g5 38. Rf2 Bc2 39. Rxc2 {
Bill-Meredith resigns} 1-0

[Event "ICS rated blitz match"]
[Site "204.178.125.65"]
[Date "2000.12.23"]
[Round "?"]
[White "Bill-Meredith"]
[Black "Hossa"]
[Result "0-1"]
[WhiteElo "1906"]
[BlackElo "2575"]
[PlyCount "58"]
[EventDate "2000.??.??"]

1. d4 Nf6 2. e3 g6 3. Bd3 Bg7 4. c4 d5 5. Nc3 dxc4 6. Bxc4 O-O 7. Nge2 a6 8.
O-O b5 9. Bd3 Nc6 10. Ne4 Nd7 11. N2g3 e5 12. Nc5 exd4 13. Nxd7 Bxd7 14. exd4
Nxd4 15. Be3 c5 16. Ne2 Qh4 17. Bxd4 cxd4 18. Ng3 Bg4 19. f3 Be6 20. Be4 Rad8
21. b3 d3 22. Bb7 Qe7 23. Bxa6 Qa7+ 24. Kh1 Qxa6 25. Qd2 Bxa1 26. Rxa1 Bxb3 27.
axb3 Qxa1+ 28. Qc1 Qxc1+ 29. Nf1 Qxf1# {Bill-Meredith checkmated} 0-1

[Event "ICS rated standard match"]
[Site "204.178.125.65"]
[Date "2000.12.23"]
[Round "?"]
[White "Hossa"]
[Black "BrazilianMaster"]
[Result "0-1"]
[WhiteElo "2346"]
[BlackElo "2532"]
[PlyCount "80"]
[EventDate "2000.??.??"]

1. e4 c5 2. Nf3 d6 3. d4 cxd4 4. Nxd4 Nf6 5. Nc3 Nc6 6. Bg5 e6 7. Qd2 a6 8.
O-O-O h6 9. Be3 Be7 10. f4 Nxd4 11. Bxd4 b5 12. e5 dxe5 13. fxe5 Nd7 14. Ne4
O-O 15. Kb1 Bb7 16. Nd6 Bd5 17. Qb4 f6 18. exf6 Nxf6 19. Bc5 a5 20. Qe1 Qc7 21.
Rxd5 exd5 22. Qe6+ Kh8 23. Bd3 Rad8 24. Nc4 dxc4 25. Qxe7 Qc8 26. Bg6 Nd5 27.
Qa7 Rf6 28. Qxa5 Rxg6 29. Qxb5 Rg5 30. h4 Re5 31. Qxc4 Ne3 32. Qe2 Qxc5 33. g4
Nc4 34. Qxc4 Qxc4 35. Rc1 Ra5 36. b3 Qc3 37. Rf1 Rxa2 38. Rf8+ Rxf8 39. Kxa2
Ra8+ 40. Kb1 Ra1# {Hossa checkmated} 0-1

[Event "ICS rated standard match"]
[Site "204.178.125.65"]
[Date "2000.12.23"]
[Round "?"]
[White "BrazilianMaster"]
[Black "Hossa"]
[Result "1-0"]
[WhiteElo "2540"]
[BlackElo "2338"]
[PlyCount "85"]
[EventDate "2000.??.??"]

1. Nf3 Nf6 2. d4 d5 3. c4 c6 4. Qc2 dxc4 5. Qxc4 Bf5 6. g3 Nbd7 7. Nc3 Nb6 8.
Qb3 e6 9. Bg5 h6 10. Bxf6 Qxf6 11. a4 O-O-O 12. a5 Nd5 13. a6 b6 14. Bg2 Nb4
15. Rc1 Kb8 16. Qa4 Bd6 17. O-O Qe7 18. e4 Bg6 19. e5 Bc7 20. Na2 Nxa2 21. Qxc6
Be4 22. Qxe4 Rd5 23. Rcd1 Nb4 24. Nd2 f5 25. exf6 Qxf6 26. Nc4 Qf5 27. Qe1 Nc2
28. Qc3 Rd7 29. Ne3 Nxe3 30. Qc6 Bxg3 31. fxe3 Bxh2+ 32. Kxh2 Qh5+ 33. Kg1 Qb5
34. Qa8+ Kc7 35. Rc1+ Kd6 36. Qxh8 Qxf1+ 37. Bxf1 e5 38. Qf8+ Re7 39. dxe5+ Kd5
40. Bc4+ Kc6 41. Qc8+ Rc7 42. Qe6+ Kc5 43. Qd6# {Hossa checkmated} 1-0

[Event "ICS rated standard match"]
[Site "204.178.125.65"]
[Date "2000.12.23"]
[Round "?"]
[White "Hossa"]
[Black "BrazilianMaster"]
[Result "1-0"]
[WhiteElo "2330"]
[BlackElo "2548"]
[PlyCount "53"]
[EventDate "2000.??.??"]

1. Nf3 Nf6 2. d4 e6 3. c4 b6 4. g3 Bb7 5. Bg2 Be7 6. O-O O-O 7. Nc3 Ne4 8. Bf4
d6 9. Nxe4 Bxe4 10. Ne1 Bxg2 11. Nxg2 c6 12. Qd3 Nd7 13. Ne1 e5 14. dxe5 dxe5
15. Rd1 exf4 16. Qf5 fxg3 17. hxg3 Bf6 18. Rxd7 Qc8 19. Nd3 a5 20. Nf4 Ra7 21.
Rfd1 Bxb2 22. e3 g6 23. Qh3 Rxd7 24. Qxd7 Be5 25. Ne2 Bf6 26. Qxc8 Re8 27.
Qxe8+ {BrazilianMaster resigns} 1-0

[Event "ICS rated standard match"]
[Site "204.178.125.65"]
[Date "2000.12.23"]
[Round "?"]
[White "BrazilianMaster"]
[Black "Hossa"]
[Result "1-0"]
[WhiteElo "2523"]
[BlackElo "2355"]
[PlyCount "73"]
[EventDate "2000.??.??"]

1. e4 c5 2. Nf3 d6 3. d4 cxd4 4. Nxd4 Nf6 5. Nc3 g6 6. g3 Bg7 7. Bg2 O-O 8. h3
Nc6 9. Nde2 Be6 10. O-O Qd7 11. Nf4 Bc4 12. Re1 Ne8 13. Nfd5 e6 14. Ne3 Bxc3
15. bxc3 Ba6 16. Nf1 f5 17. exf5 Rxf5 18. Ne3 Ra5 19. Ng4 Bc4 20. Nh6+ Kg7 21.
a4 Rc8 22. Qg4 b5 23. Bxc6 Rxc6 24. Qd4+ e5 25. Rxe5 Nf6 26. Re1 bxa4 27. Ng4
Rf5 28. Bg5 d5 29. Rxa4 Rxg5 30. Rxa7 Qxa7 31. Qxa7+ Kg8 32. Nh6+ Kh8 33. Re8+
Nxe8 34. Qf7 Rxg3+ 35. fxg3 Nf6 36. Qf8+ Ng8 37. Nf7# {Hossa checkmated} 1-0

[Event "ICS rated standard match"]
[Site "204.178.125.65"]
[Date "2000.12.23"]
[Round "?"]
[White "Hossa"]
[Black "BrazilianMaster"]
[Result "0-1"]
[WhiteElo "2346"]
[BlackElo "2532"]
[PlyCount "168"]
[EventDate "2000.??.??"]

1. e4 c5 2. Nf3 e6 3. d4 cxd4 4. Nxd4 Nf6 5. Nc3 d6 6. f4 a6 7. Bd3 Qc7 8. Be3
Nbd7 9. O-O Be7 10. Nb3 O-O 11. Qf3 e5 12. Nd5 Nxd5 13. exd5 f5 14. fxe5 Nxe5
15. Qe2 Bf6 16. Bd4 Qf7 17. c4 Qg6 18. c5 Re8 19. cxd6 Bd7 20. Qc2 Rac8 21. Qb1
Nxd3 22. Qxd3 Be5 23. Bxe5 Rxe5 24. Rae1 Rce8 25. Rxe5 Rxe5 26. Rd1 Qxd6 27.
Qd4 b6 28. Qc4 a5 29. Qd3 a4 30. Nc1 Qc5+ 31. Kh1 Qf2 32. Qg3 Qc2 33. Rg1 Rxd5
34. Qb8+ Kf7 35. Qxb6 Rd2 36. Re1 Bc6 37. Qa7+ Rd7 38. Qg1 Qxb2 39. Re2 Qb4 40.
Qf1 Be4 41. a3 Qc4 42. Qe1 Bc2 43. Qf2 Qf4 44. Nd3 Rxd3 45. Qa7+ Kg6 46. Re6+
Kh5 47. Qf7+ g6 48. Qxh7+ Qh6 49. Qe7 Rd1+ 50. Re1 Qd2 51. Rg1 Rxg1+ 52. Kxg1
Qd4+ 53. Kf1 Bd3+ 54. Ke1 f4 55. h3 g5 56. Qe6 Qc3+ 57. Kf2 Qd2+ 58. Kg1 Qe3+
59. Qxe3 fxe3 60. g3 Bf5 61. Kg2 Bg4 62. Kf1 Bxh3+ 63. Ke2 Kg4 64. Kxe3 Kxg3
65. Ke4 Kf2 66. Kd4 g4 67. Kd3 g3 68. Kc3 g2 69. Kb4 g1=Q 70. Ka5 Qb1 71. Ka6
Qd3+ 72. Ka5 Qf5+ 73. Kb6 Qb1+ 74. Ka6 Qb3 75. Ka5 Qd5+ 76. Kb6 Qb3+ 77. Ka5
Qc3+ 78. Kb6 Qe3+ 79. Kb5 Bd7+ 80. Kc4 Bc6 81. Kb4 Qd4+ 82. Ka5 Qc5+ 83. Ka6
Qb5+ 84. Ka7 Qb7# {Hossa checkmated} 0-1

[Event "ICS rated blitz match"]
[Site "204.178.125.65"]
[Date "2000.12.23"]
[Round "?"]
[White "Hossa"]
[Black "HotSilicon"]
[Result "1/2-1/2"]
[WhiteElo "2576"]
[BlackElo "2322"]
[PlyCount "121"]
[EventDate "2000.??.??"]

1. Nf3 Nf6 2. d4 d5 3. c4 e6 4. e3 c6 5. Nc3 Nbd7 6. cxd5 cxd5 7. Bd3 Bd6 8.
Nb5 Be7 9. Qc2 O-O 10. Bd2 Ne4 11. Rc1 Ndf6 12. Nc7 Rb8 13. Ba5 b6 14. Bd2 Bb7
15. Qd1 Rc8 16. Nb5 Nxd2 17. Nxd2 Rxc1 18. Qxc1 Qb8 19. O-O a6 20. Nc3 Ng4 21.
g3 f5 22. Qe1 Qc7 23. f3 Nf6 24. Qe2 b5 25. Nb3 Bc6 26. Rc1 Qd7 27. Qc2 Bb7 28.
Ne2 Rc8 29. Nc5 Qe8 30. Qd2 Bxc5 31. dxc5 Nd7 32. b4 Ne5 33. Nd4 Nc4 34. Qe1
Bc6 35. f4 Qe7 36. Qe2 Qf6 37. Qf2 Qg6 38. Qe1 Qf7 39. Rc3 Qf6 40. Qf2 Bb7 41.
Qe2 a5 42. a3 Bc6 43. bxa5 Bd7 44. a6 Rxc5 45. Rb3 Qd8 46. g4 Qa5 47. gxf5 exf5
48. Bxf5 Bxf5 49. Nxf5 Qxa6 50. Qh5 Qe6 51. Qg5 g6 52. Nd4 Qe8 53. Rc3 Qf8 54.
Ne6 d4 55. Qh4 Rh5 56. Qg4 dxc3 57. Nxf8 c2 58. Qe6+ Kg7 59. Qe7+ Kg8 60. Qe6+
Kg7 61. Qe7+ {Game drawn by mutual agreement} 1/2-1/2

[Event "ICS rated blitz match"]
[Site "204.178.125.65"]
[Date "2000.12.23"]
[Round "?"]
[White "HotSilicon"]
[Black "Hossa"]
[Result "1/2-1/2"]
[WhiteElo "2350"]
[BlackElo "2566"]
[PlyCount "144"]
[EventDate "2000.??.??"]

1. d4 Nf6 2. c4 g6 3. Nc3 Bg7 4. e4 d6 5. Nf3 O-O 6. Be2 Nbd7 7. Be3 Ng4 8. Bg5
c5 9. O-O h6 10. Bf4 cxd4 11. Nxd4 Ndf6 12. Nb3 b6 13. Nd5 Bd7 14. h3 e5 15.
Bd2 Nxd5 16. cxd5 Nf6 17. Bd3 Qe7 18. Be3 Rfc8 19. Qd2 Qf8 20. Rac1 Rab8 21. f4
exf4 22. Bxf4 Nh5 23. Be3 Rxc1 24. Rxc1 Rc8 25. Rxc8 Bxc8 26. Nd4 Bd7 27. Nc6
Qa8 28. Qc1 Qb7 29. b4 a6 30. a4 b5 31. axb5 axb5 32. g4 Nf6 33. Bf4 Ne8 34.
Kh1 h5 35. gxh5 gxh5 36. Kg2 Bf8 37. Bh6 Bxh6 38. Qxh6 Bxc6 39. dxc6 Qxc6 40.
Qxh5 Nc7 41. Qg5+ Kf8 42. h4 d5 43. exd5 Qxd5+ 44. Qxd5 Nxd5 45. Bxb5 Nxb4 46.
Kf3 Nd5 47. Bc4 Kg7 48. Bxd5 Kg6 49. Kg3 Kg7 50. Kg4 Kg6 51. h5+ Kg7 52. Kg5
f6+ 53. Kf5 Kh6 54. Bf3 Kh7 55. Kf4 Kh6 56. Bg4 Kg7 57. Kf5 Kh7 58. Be2 Kg7 59.
Kg4 Kh7 60. Bf3 Kh6 61. Bc6 Kh7 62. Kh4 Kg7 63. Be4 Kh6 64. Bc2 Kg7 65. Bf5 Kh6
66. Kg4 Kg7 67. Bg6 Kh6 68. Kf5 Kg7 69. Be8 Kh6 70. Kxf6 Kh7 71. h6 Kh8 72. h7
Kxh7 {Game drawn because neither player has mating material} 1/2-1/2

[Event "ICS rated blitz match"]
[Site "204.178.125.65"]
[Date "2000.12.23"]
[Round "?"]
[White "Hossa"]
[Black "HotSilicon"]
[Result "0-1"]
[WhiteElo "2557"]
[BlackElo "2385"]
[PlyCount "76"]
[EventDate "2000.??.??"]

1. e4 e6 2. Nf3 d5 3. Nc3 d4 4. Nb5 Nc6 5. c3 e5 6. cxd4 exd4 7. Qa4 Bc5 8. d3
Bd7 9. Bf4 Bb6 10. Be2 a6 11. Na3 Ba5+ 12. Nd2 Qf6 13. Bg3 h5 14. h4 Nge7 15.
Qc2 Be6 16. Nac4 Bxc4 17. Qxc4 Ng6 18. O-O-O Nf4 19. Bf1 Bb4 20. Nb3 Bd6 21.
Kb1 Ng6 22. Bxd6 cxd6 23. Qd5 Qxf2 24. Qxd6 Rd8 25. Qc7 O-O 26. Qxb7 Na5 27.
Qxa6 Nxb3 28. Qa4 Nd2+ 29. Ka1 Rb8 30. b4 Rfc8 31. Qa5 Ra8 32. e5 Nb3+ 33. axb3
Qc2 34. Rd2 Qxd2 35. Be2 Qxb4 36. Qxa8 Qc3+ 37. Kb1 Qxb3+ 38. Ka1 Rxa8# {
Hossa checkmated} 0-1

[Event "ICS rated blitz match"]
[Site "204.178.125.65"]
[Date "2000.12.23"]
[Round "?"]
[White "HotSilicon"]
[Black "Hossa"]
[Result "1/2-1/2"]
[WhiteElo "2408"]
[BlackElo "2534"]
[PlyCount "118"]
[EventDate "2000.??.??"]

1. g3 e6 2. Bg2 d5 3. Nf3 Nf6 4. d4 c5 5. c4 cxd4 6. Nxd4 dxc4 7. Qa4+ Nbd7 8.
O-O Be7 9. Qxc4 O-O 10. Rd1 Qb6 11. Nc3 Rd8 12. Qb3 Bc5 13. Na4 Qxb3 14. Nxb3
Be7 15. Be3 Ng4 16. Bc5 Nxc5 17. Rxd8+ Bxd8 18. Naxc5 Rb8 19. Rd1 Bb6 20. h3
Nf6 21. h4 e5 22. Kf1 Kf8 23. Rc1 a6 24. Ke1 h6 25. Nd2 g5 26. hxg5 hxg5 27.
Nd3 Be6 28. Nc4 Bd4 29. Ncxe5 Bxa2 30. Rc7 Bxe5 31. Nxe5 Re8 32. f4 gxf4 33.
gxf4 Nh5 34. Bxb7 Nxf4 35. Nd7+ Kg7 36. Bxa6 Re7 37. Bb5 Be6 38. Kd2 Nxe2 39.
Bxe2 Rxd7+ 40. Rxd7 Bxd7 41. Ke3 Kf6 42. Kd4 Ke6 43. Bc4+ Kd6 44. Bxf7 Ke7 45.
Bc4 Kd8 46. b4 Kc8 47. Kc5 Kb8 48. Ba2 Bf5 49. b5 Bg4 50. Bd5 Bh3 51. Kd6 Bf1
52. b6 Ba6 53. Kc5 Bc8 54. Be4 Bb7 55. Bd3 Bf3 56. Ba6 Bb7 57. Be2 Be4 58. Bc4
Bg2 59. b7 Bxb7 {Game drawn because neither player has mating material} 1/2-1/2

[Event "ICS rated blitz match"]
[Site "204.178.125.65"]
[Date "2000.12.23"]
[Round "?"]
[White "Polloman"]
[Black "Hossa"]
[Result "0-1"]
[WhiteElo "1982"]
[BlackElo "2542"]
[PlyCount "24"]
[EventDate "2000.??.??"]

1. e4 c5 2. Nf3 d6 3. d4 cxd4 4. Nxd4 Nf6 5. Nc3 Nc6 6. Be3 e6 7. f3 Be7 8. Qd2
O-O 9. g4 Nxd4 10. Bxd4 d5 11. exd5 Nxd5 12. O-O-O Bg5 {Polloman resigns} 0-1

[Event "ICS rated blitz match"]
[Site "204.178.125.65"]
[Date "2000.12.23"]
[Round "?"]
[White "gringo"]
[Black "Hossa"]
[Result "0-1"]
[WhiteElo "2100"]
[BlackElo "2544"]
[PlyCount "66"]
[EventDate "2000.??.??"]

1. e4 e6 2. d4 d5 3. Nc3 Bb4 4. e5 c5 5. a3 Bxc3+ 6. bxc3 Ne7 7. h4 Nd7 8. h5
cxd4 9. cxd4 f6 10. h6 g6 11. exf6 Nxf6 12. Nf3 Ne4 13. Bd3 Qa5+ 14. Kf1 O-O
15. Qe2 Nc6 16. Bxe4 Qc3 17. Rb1 dxe4 18. Qxe4 Rxf3 19. gxf3 Qc4+ 20. Kg2 Qxd4
21. Bb2 Qd7 22. Rbd1 Qf7 23. Qd3 e5 24. Rhe1 Bf5 25. Qb3 Be6 26. Qc3 Qf5 27.
Rh1 Qg5+ 28. Kf1 Rc8 29. Qd3 Rd8 30. Qe2 Rxd1+ 31. Qxd1 Bc4+ 32. Ke1 Qg2 33.
Rf1 Qxf1+ {gringo resigns} 0-1

[Event "ICS rated blitz match"]
[Site "204.178.125.65"]
[Date "2000.12.23"]
[Round "?"]
[White "gringo"]
[Black "Hossa"]
[Result "0-1"]
[WhiteElo "2096"]
[BlackElo "2548"]
[PlyCount "52"]
[EventDate "2000.??.??"]

1. e4 c5 2. Nf3 Nc6 3. d4 cxd4 4. Nxd4 e6 5. Nc3 Qc7 6. Be3 Nf6 7. Bd3 Nxd4 8.
Bxd4 e5 9. Be3 Bb4 10. Qd2 Ng4 11. Bg5 f6 12. Bh4 O-O 13. f3 Nh6 14. Bf2 f5 15.
O-O Bxc3 16. bxc3 d6 17. c4 Be6 18. Qe2 b6 19. Be3 fxe4 20. fxe4 Ng4 21. h3
Nxe3 22. Qxe3 Bxc4 23. Kh2 Rxf1 24. Rxf1 Bxa2 25. c4 Bxc4 26. Rc1 b5 {
gringo resigns} 0-1

[Event "ICS rated blitz match"]
[Site "204.178.125.65"]
[Date "2000.12.23"]
[Round "?"]
[White "gringo"]
[Black "Hossa"]
[Result "0-1"]
[WhiteElo "2136"]
[BlackElo "2550"]
[PlyCount "38"]
[EventDate "2000.??.??"]

1. e4 c5 2. Nf3 d6 3. d4 cxd4 4. Nxd4 Nf6 5. Nc3 Nc6 6. Bc4 e6 7. Be3 Be7 8.
O-O O-O 9. Bb3 Na5 10. f4 Nxb3 11. axb3 Bd7 12. e5 Ne8 13. Qg4 Nc7 14. Rad1 f6
15. exd6 Bxd6 16. Ne4 f5 17. Nxd6 fxg4 18. Nxb7 Qh4 19. Nc5 Rad8 {
gringo resigns} 0-1

[Event "ICS rated blitz match"]
[Site "204.178.125.65"]
[Date "2000.12.23"]
[Round "?"]
[White "Hossa"]
[Black "Gvido"]
[Result "1-0"]
[WhiteElo "2553"]
[BlackElo "2176"]
[PlyCount "77"]
[EventDate "2000.??.??"]

1. e4 c5 2. Nf3 d6 3. d4 cxd4 4. Nxd4 Nf6 5. Nc3 g6 6. g3 Bg7 7. Bg2 O-O 8. h3
Nc6 9. Nde2 Be6 10. O-O Rc8 11. Nd5 Qd7 12. Nef4 Bxd5 13. exd5 Ne5 14. c3 a5
15. Nd3 Nc4 16. Bg5 b5 17. Qe2 Rfe8 18. Rfe1 Qb7 19. Qf3 b4 20. cxb4 axb4 21.
a3 b3 22. a4 Ra8 23. Rec1 Rec8 24. Qe2 Qd7 25. Nc5 Rxc5 26. Rxc4 Raa5 27. Bd2
Rxc4 28. Qxc4 Ra7 29. Qxb3 Rb7 30. Bb4 Ne8 31. Rc1 Nc7 32. Rc6 Bd4 33. Qc4 Bxb2
34. Ba5 Ne8 35. Rc8 Kg7 36. Rd8 Rc7 37. Bxc7 Qxc7 38. Qxc7 Nxc7 39. Rd7 {
Gvido resigns} 1-0

[Event "ICS rated blitz match"]
[Site "204.178.125.65"]
[Date "2000.12.23"]
[Round "?"]
[White "albinblumenfeld"]
[Black "Hossa"]
[Result "0-1"]
[WhiteElo "2013"]
[BlackElo "2556"]
[PlyCount "24"]
[EventDate "2000.??.??"]

1. d4 Nf6 2. e3 g6 3. Bd3 Bg7 4. c3 O-O 5. f4 d6 6. Nf3 c5 7. O-O cxd4 8. exd4
Bd7 9. Qe2 Nc6 10. Bd2 Qb6 11. Be1 Nh5 12. f5 Nf4 {albinblumenfeld resigns} 0-1

[Event "ICS rated blitz match"]
[Site "204.178.125.65"]
[Date "2000.12.23"]
[Round "?"]
[White "Hossa"]
[Black "Lundbotanmats"]
[Result "1-0"]
[WhiteElo "2557"]
[BlackElo "1964"]
[PlyCount "29"]
[EventDate "2000.??.??"]

1. e4 e6 2. d4 d5 3. e5 c5 4. c3 Nc6 5. Nf3 Nge7 6. Bd3 cxd4 7. cxd4 Nf5 8.
Bxf5 exf5 9. Bg5 Be7 10. Bxe7 Qxe7 11. Nc3 Be6 12. O-O a6 13. Rc1 O-O 14. Na4
Rfc8 15. Nb6 {Lundbotanmats resigns} 1-0

[Event "ICS rated blitz match"]
[Site "204.178.125.65"]
[Date "2000.12.23"]
[Round "?"]
[White "Hossa"]
[Black "Bill-Meredith"]
[Result "1/2-1/2"]
[WhiteElo "2559"]
[BlackElo "1901"]
[PlyCount "33"]
[EventDate "2000.??.??"]

1. e4 e5 2. Nf3 Nc6 3. Bb5 Nd4 4. Nxd4 exd4 5. O-O a5 6. Qh5 Qf6 7. d3 c6 8.
Bg5 Qg6 9. Qxg6 hxg6 10. Bc4 b5 11. Bxf7+ Kxf7 12. Nd2 Be7 13. Bxe7 Nxe7 14.
Nb3 Bb7 15. Nc5 Bc8 16. Nb3 Bb7 17. Nc5 {Game drawn by mutual agreement}
1/2-1/2

[Event "ICS rated blitz match"]
[Site "204.178.125.65"]
[Date "2000.12.23"]
[Round "?"]
[White "Bill-Meredith"]
[Black "Hossa"]
[Result "0-1"]
[WhiteElo "1916"]
[BlackElo "2544"]
[PlyCount "56"]
[EventDate "2000.??.??"]

1. d4 Nf6 2. e3 g6 3. Bd3 Bg7 4. Nd2 Nc6 5. f4 Nd5 6. Qe2 Ndb4 7. Ngf3 O-O 8.
c3 Nxd3+ 9. Qxd3 d5 10. O-O Bf5 11. Qe2 a6 12. e4 Bg4 13. e5 e6 14. h3 Bf5 15.
g4 Bc2 16. Nb3 Bxb3 17. axb3 f6 18. Be3 Qe7 19. Ra2 Rf7 20. Rfa1 Rd8 21. b4
Rdf8 22. b5 Nb8 23. bxa6 bxa6 24. exf6 Bxf6 25. Ne5 Bxe5 26. fxe5 Qh4 27. b4
Qg3+ 28. Qg2 Qxe3+ {Bill-Meredith resigns} 0-1

[Event "ICS rated blitz match"]
[Site "204.178.125.65"]
[Date "2000.12.23"]
[Round "?"]
[White "Hossa"]
[Black "Bill-Meredith"]
[Result "1/2-1/2"]
[WhiteElo "2545"]
[BlackElo "1915"]
[PlyCount "35"]
[EventDate "2000.??.??"]

1. e4 e5 2. Nf3 Nc6 3. Bb5 Nd4 4. Nxd4 exd4 5. O-O a5 6. Qh5 Qf6 7. d3 c6 8.
Bg5 Qg6 9. Qxg6 hxg6 10. Bc4 b5 11. Bxf7+ Kxf7 12. Nd2 Be7 13. Bxe7 Nxe7 14.
Nb3 Bb7 15. Nc5 Bc8 16. Nb3 Bb7 17. Nc5 Bc8 18. Nb3 {Game drawn by repetition}
1/2-1/2

[Event "ICS rated blitz match"]
[Site "204.178.125.65"]
[Date "2000.12.23"]
[Round "?"]
[White "Bill-Meredith"]
[Black "Hossa"]
[Result "0-1"]
[WhiteElo "1943"]
[BlackElo "2515"]
[PlyCount "35"]
[EventDate "2000.??.??"]

1. d4 Nf6 2. e3 g6 3. Bd3 Bg7 4. c4 d5 5. Nc3 dxc4 6. Bxc4 O-O 7. Nge2 a6 8.
O-O b5 9. Bd3 Nc6 10. Ne4 Nd7 11. N4g3 Bb7 12. Qc2 Nb4 13. Qc3 Nxd3 14. Qxd3 c5
15. Bd2 cxd4 16. Nxd4 Nc5 17. Qc3 Qd5 18. Nf3 {Bill-Meredith resigns} 0-1

[Event "ICS rated blitz match"]
[Site "204.178.125.65"]
[Date "2000.12.23"]
[Round "?"]
[White "Hossa"]
[Black "Bill-Meredith"]
[Result "1-0"]
[WhiteElo "2516"]
[BlackElo "1942"]
[PlyCount "23"]
[EventDate "2000.??.??"]

1. e4 e5 2. Nf3 Nc6 3. Nc3 Nf6 4. Bb5 Nd4 5. Bc4 Nxf3+ 6. Qxf3 d6 7. Nd5 Nxd5
8. Bxd5 Qf6 9. Qc3 Qd8 10. Qb3 Qf6 11. Bxb7 Rb8 12. Bc6+ {Bill-Meredith resigns
} 1-0

[Event "ICS rated blitz match"]
[Site "204.178.125.65"]
[Date "2000.12.23"]
[Round "?"]
[White "Bill-Meredith"]
[Black "Hossa"]
[Result "0-1"]
[WhiteElo "1941"]
[BlackElo "2517"]
[PlyCount "56"]
[EventDate "2000.??.??"]

1. e4 e5 2. Bc4 Nf6 3. Nf3 Nxe4 4. Nxe5 d5 5. Qf3 Be6 6. d3 Nc5 7. Bb3 Bd6 8.
d4 Nxb3 9. axb3 O-O 10. O-O c5 11. c3 cxd4 12. cxd4 f6 13. Nd3 Nc6 14. Be3 Qb6
15. Nd2 Nxd4 16. Qd1 Bf5 17. Nf3 Nxf3+ 18. Qxf3 Be4 19. Bxb6 Bxf3 20. Bc5 Be2
21. Bxd6 Rfd8 22. Rfd1 Bxd1 23. Rxd1 Rxd6 24. Nf4 d4 25. Rd3 Re8 26. Kf1 g5 27.
Ne2 Rde6 28. Rd2 d3 {Bill-Meredith resigns} 0-1

[Event "ICS rated blitz match"]
[Site "204.178.125.65"]
[Date "2000.12.23"]
[Round "?"]
[White "Styggen"]
[Black "Hossa"]
[Result "0-1"]
[WhiteElo "2257"]
[BlackElo "2518"]
[PlyCount "30"]
[EventDate "2000.??.??"]

1. e4 e5 2. Nc3 Nc6 3. Nf3 Nf6 4. Nxe5 Nxe5 5. d4 Ng6 6. e5 Ng8 7. Bc4 Bb4 8.
Qf3 Bxc3+ 9. bxc3 f6 10. Qe4 fxe5 11. dxe5 Qe7 12. O-O Nf6 13. Qf5 Nxe5 14. Re1
d6 15. Qg5 Nf3+ {Styggen resigns} 0-1

[Event "ICS rated blitz match"]
[Site "204.178.125.65"]
[Date "2000.12.23"]
[Round "?"]
[White "Hossa"]
[Black "HaagOne"]
[Result "1-0"]
[WhiteElo "2524"]
[BlackElo "1978"]
[PlyCount "65"]
[EventDate "2000.??.??"]

1. e4 c5 2. Nf3 d6 3. Bb5+ Bd7 4. Bxd7+ Qxd7 5. c4 Nc6 6. d4 cxd4 7. Nxd4 Nf6
8. Nc3 g6 9. Nxc6 bxc6 10. c5 d5 11. exd5 Nxd5 12. Nxd5 Qxd5 13. Qxd5 cxd5 14.
Bf4 Bg7 15. O-O-O e6 16. b4 O-O 17. c6 e5 18. Bg5 f6 19. Be3 Rfc8 20. Rxd5
Rxc6+ 21. Rc5 Rxc5+ 22. bxc5 Bf8 23. Kd2 f5 24. f3 Rc8 25. Rc1 Rc6 26. Kd3 Kf7
27. Kc4 a6 28. Kd5 Rc8 29. Kxe5 Bg7+ 30. Kd5 Ke7 31. Bg5+ Kd7 32. c6+ Kc7 33.
Rb1 {HaagOne resigns} 1-0

[Event "ICS rated blitz match"]
[Site "204.178.125.65"]
[Date "2000.12.23"]
[Round "?"]
[White "HaagOne"]
[Black "Hossa"]
[Result "0-1"]
[WhiteElo "1977"]
[BlackElo "2525"]
[PlyCount "40"]
[EventDate "2000.??.??"]

1. d4 d5 2. c4 e6 3. Nc3 c5 4. cxd5 exd5 5. e3 Nf6 6. Nf3 Nc6 7. Be2 cxd4 8.
Nxd4 Bb4 9. Bd2 O-O 10. Nxc6 bxc6 11. O-O Bf5 12. a3 Bd6 13. Rc1 Qb8 14. b4 a5
15. Na2 Rc8 16. g3 Bh3 17. Re1 axb4 18. Nxb4 Qb7 19. Bc3 Rxa3 20. Bxf6 Bxb4 {
HaagOne resigns} 0-1

[Event "ICS rated blitz match"]
[Site "204.178.125.65"]
[Date "2000.12.23"]
[Round "?"]
[White "Hossa"]
[Black "HaagOne"]
[Result "1-0"]
[WhiteElo "2526"]
[BlackElo "1976"]
[PlyCount "27"]
[EventDate "2000.??.??"]

1. e4 c5 2. Nf3 d6 3. d4 cxd4 4. Nxd4 Nf6 5. Nc3 a6 6. Be2 e5 7. Nb3 Be7 8. O-O
O-O 9. Be3 Be6 10. Nd5 Nxd5 11. exd5 Bf5 12. c4 Nd7 13. f4 Qc7 14. fxe5 {
HaagOne resigns} 1-0